Economía colombiana del siglo XIX : / (Registro nro. 4779)
[ vista simple ]
| 000 -LEADER | |
|---|---|
| fixed length control field | 01357nam a2200277Ia 4500 |
| 003 - CONTROL NUMBER IDENTIFIER | |
| control field | OSt |
| 005 - DATE AND TIME OF LATEST TRANSACTION | |
| control field | 20200717163154.0 |
| 008 - FIXED-LENGTH DATA ELEMENTS--GENERAL INFORMATION | |
| fixed length control field | 191128s2010 ck gr 000 0dspa d |
| 020 ## - INTERNATIONAL STANDARD BOOK NUMBER | |
| International Standard Book Number | 9789583801600 |
| 040 ## - CATALOGING SOURCE | |
| Original cataloging agency | CO-JMCR |
| Transcribing agency | CO-JMCR |
| 041 0# - LANGUAGE CODE | |
| Language code of text/sound track or separate title | spa |
| 082 04 - DEWEY DECIMAL CLASSIFICATION NUMBER | |
| Classification number | 330.9861 / |
| Item number | M237e |
| Edition number | 23 |
| 100 1# - MAIN ENTRY--PERSONAL NAME | |
| Personal name | Meisel Roca, Adolfo, |
| Relator term | editor |
| 9 (RLIN) | 7353 |
| 245 10 - TITLE STATEMENT | |
| Title | Economía colombiana del siglo XIX : / |
| Statement of responsibility, etc. | Editado por Adolfo Meisel Roca; María Teresa Ramírez |
| 260 ## - PUBLICATION, DISTRIBUTION, ETC. | |
| Place of publication, distribution, etc. | Bogotá : |
| Name of publisher, distributor, etc. | Fondo de Cultura Económica, |
| Date of publication, distribution, etc. | 2010. |
| 300 ## - PHYSICAL DESCRIPTION | |
| Extent | 723 páginas : |
| Other physical details | cuadros, gráficos + CD ; |
| Dimensions | 23 cm. |
| 490 0# - SERIES STATEMENT | |
| Series statement | Selección de obras de economía |
| 504 ## - BIBLIOGRAPHY, ETC. NOTE | |
| Bibliography, etc. note | Bibliografía: páginas 699-705. |
| 505 0# - FORMATTED CONTENTS NOTE | |
| Formatted contents note | Precios y salarios urbanos en el siglo XIX / Urrutia, Miguel -- Las finanzas públicas en el siglo XIX / Jungito, Roberto -- El financiamiento externo de Colombia en el Siglo XIX, 1820-1920 / Avella Gómez, Mauricio |
| 520 0# - SUMMARY, ETC. | |
| Summary, etc. | El presente libro sobre la economía colombiana del siglo XXI hace parte del esfuerzo que de tiempo atrás viene realizando el Banco de la República para aumentar el conocimiento de la historia económica del país |
| 650 14 - SUBJECT ADDED ENTRY--TOPICAL TERM | |
| Topical term or geographic name entry element | Economía colombiana. |
| Chronological subdivision | siglo XIX |
| 9 (RLIN) | 7477 |
| 650 24 - SUBJECT ADDED ENTRY--TOPICAL TERM | |
| Topical term or geographic name entry element | Historia económica |
| 9 (RLIN) | 7478 |
| 650 24 - SUBJECT ADDED ENTRY--TOPICAL TERM | |
| Topical term or geographic name entry element | Crecimiento económico |
| 9 (RLIN) | 3636 |
| 700 1# - ADDED ENTRY--PERSONAL NAME | |
| Personal name | Ramírez, María Teresa, |
| Relator term | editora |
| 9 (RLIN) | 7479 |
| 942 ## - ADDED ENTRY ELEMENTS (KOHA) | |
| Source of classification or shelving scheme | Dewey Decimal Classification |
| Koha item type | Books |
| Withdrawn status | Lost status | Source of classification or shelving scheme | Materials specified (bound volume or other part) | Damaged status | Not for loan | Home library | Current library | Shelving location | Date acquired | Source of acquisition | Full call number | Barcode | Date last seen | Copy number | Price effective from | Koha item type |
|---|---|---|---|---|---|---|---|---|---|---|---|---|---|---|---|---|
| Dewey Decimal Classification | Donación--15/04/2018-- | Biblioteca Pública José María del Castillo y Rada | Biblioteca Pública José María del Castillo y Rada | General Stacks | 11/28/2019 | Donación | 330.9861 / M237e | 430000362 | 05/16/2024 | Ej.1 | 11/28/2019 | Books |